000 00628nam a2200229Ia 4500
008 131103s9999 xx 000 0 und d
020 _a812500422 X
040 _aLoreto College
041 _aEnglish
082 _a301.2/SRI;303.4/SRI
_b38012
100 _aSrinivas,M.N.
245 _aSocial change in modern India
_cM.N.Srinivas
250 _aIndian edition
260 _aHyderabad
_bOrient Longman
_c1992
300 _aviii,200p
_c 21 cm.
504 _aIncludes bibliographical references and index
630 _aSocial Change
650 _aSociology
651 _aSocial Process
850 _aLCLIB
942 _cBK
999 _c3656
_d54135